000 00464nam a22001217a 4500
005 20260629122825.0
100 _aAhmed Ali
_a21-MSIT-02
_aSupervisor - Dr. Baqar Ali Zardari
_91027
245 _aAI Powered Healthcare Chatbot for Enhancing Patient Engagement and Satisfaction Using Human Computer Interaction HCI Techniques ( Thesis MS)
260 _aNawabshah
_bQUEST
_c2025
300 _a87p.
700 _aDepartment of Information Technology
_9954
942 _cTHESIS
999 _c69085
_d69082